MARC

LEADER 00000nam0a2200000 4500
001 332958
005 20250416114508.0
035 |a (RuTPU)RU\TPU\book\358953 
035 |a RU\TPU\book\324960 
090 |a 332958 
100 |a 20170605d1982 k y0rusy50 ca 
101 0 |a rus 
102 |a RU 
105 |a a z 001zy 
200 1 |a Изучение региональных инженерно-геологических условий и геодинамических процессов  |e [сборник]  |f Всесоюзный научно-исследовательский институт гидрогеологии и инженерной геологии (ВСЕГИНГЕО) ; под ред. М. И. Фазлуллина 
210 |a Москва  |c Изд-во ВСЕГИНГЕО  |d 1982 
215 |a 112 с.  |c ил. 
225 1 |a Труды Всесоюзного научно-исследовательского института гидрогеологии и инженерной геологии (ВСЕГИНГЕО)  |v Вып. 147 
320 |a Библиогр. в конце ст. 
500 1 0 |a Труды Всесоюзного научно-исследовательского института гидрогеологии и инженерной геологии  |9 88877 
606 1 |a Инженерная геология  |2 stltpush  |3 (RuTPU)RU\TPU\subj\12572  |9 39335 
610 1 |a СССР 
610 1 |a регионы 
610 1 |a инженерно-геологические условия 
610 1 |a инженерно-геологическое картирование 
610 1 |a дистанционные методы 
610 1 |a дешифрование 
610 1 |a инженерная геодинамика 
610 1 |a терминология 
610 1 |a гидрогеологическая съемка 
610 1 |a инженерно-геологическая съемка 
610 1 |a экономическая оценка 
675 |a 624.131.1  |v 4 
702 1 |a Чуринов  |b М. В.  |4 340 
712 0 2 |a Всесоюзный научно-исследовательский институт гидрогеологии и инженерной геологии (ВСЕГИНГЕО)  |c (пос. Зеленый, Московская область)  |3 (RuTPU)RU\TPU\col\2061 
801 1 |a RU  |b 63413507  |c 20150702 
801 2 |a RU  |b 63413507  |c 20170614  |g RCR 
850 |a 63413507 
942 |c BK